Т. 57, № 2; Прикладная механика и техническая физика

Detaylı Bibliyografya
Parent link:Прикладная механика и техническая физика/ Российская академия наук (РАН), Сибирское отделение (СО), Институт теоретической и прикладной механики (ИТПМ), (Новосибирск). Т. 57, № 2.— , 1991-
Dil:Rusça
Baskı/Yayın Bilgisi: 2016
Materyal Türü: MixedMaterials Kitap
KOHA link:https://koha.lib.tpu.ru/cgi-bin/koha/opac-detail.pl?biblionumber=563775

MARC

LEADER 00000nam2a2200000 4500
001 563775
005 20231101123530.0
035 |a (RuTPU)RU\TPU\prd\259457 
090 |a 563775 
100 |a 20160620a19609999k y0rusy50 ca 
101 0 |a rus 
102 |a RU 
200 0 |a Т. 57, № 2 
210 |d 2016 
461 1 |0 (RuTPU)RU\TPU\prd\691  |t Прикладная механика и техническая физика  |f Российская академия наук (РАН), Сибирское отделение (СО), Институт теоретической и прикладной механики (ИТПМ), (Новосибирск)  |v Т. 57, № 2  |d 1991- 
801 0 |a RU  |b 63413507  |c 20010227  |g PSBO 
801 1 |a RU  |b 63413507  |c 20160620 
801 2 |a RU  |b 63413507  |c 20230608  |g RCR 
942 |c BK 
999 |a НТБ_ТПУ  |b НФ  |e -1/20160111  |p П-6909  |s 6/20151117  |u 0,00  |v 1